[Event "Valasska Bystrice op"]
[Site "Valasska Bystrice"]
[Date "2017.09.16"]
[Round "9"]
[White "Klima, Tomas"]
[Black "Folta, Frantisek"]
[Result "1-0"]
[WhiteElo "1545"]
[BlackElo "1783"]
[PlyCount "69"]
[EventDate "2017.09.09"]
[EventType "swiss"]
[EventRounds "9"]
[EventCountry "CZE"]
[SourceTitle "CBM 180 Extra"]
[Source "ChessBase"]
[SourceDate "2017.10.06"]
[SourceVersion "1"]
[SourceVersionDate "2017.10.06"]
[SourceQuality "1"]

1. e4 c5 2. Nf3 d6 3. d4 cxd4 4. Nxd4 Nf6 5. Nc3 g6 6. f3 Bg7 7. Be3 0-0 8. Bc4 Nc6 9. Qd2 Bd7 10. g4 Ne5 11. Be2 Rc8 12. h4 Nc4 13. Bxc4 Rxc4 14. h5 Qa5 15. Nb3 Qa6 16. Bh6 Bxg4 17. Bxg7 Bxf3 18. Bxf8 Nxh5 19. Rxh5 Bxh5 20. Bxe7 Qb6 21. Qf2 Qb4 22. Qe3 h6 23. Bf6 g5 24. a3 Qb6 25. Qxb6 axb6 26. Kf2 Kh7 27. Bd4 Bg6 28. Nd2 Rxd4 29. Ke3 Rxd2 30. Kxd2 f5 31. exf5 Bxf5 32. Rf1 Kg6 33. Nd5 Bh3 34. Rg1 h5 35. Nf4+ 1-0

[Event "Valasska Bystrice op"]
[Site "Valasska Bystrice"]
[Date "2017.09.14"]
[Round "7"]
[White "Parak, Frantisek"]
[Black "Folta, Frantisek"]
[Result "1/2-1/2"]
[WhiteElo "1678"]
[BlackElo "1783"]
[PlyCount "53"]
[EventDate "2017.09.09"]
[EventType "swiss"]
[EventRounds "9"]
[EventCountry "CZE"]
[SourceTitle "CBM 180 Extra"]
[Source "ChessBase"]
[SourceDate "2017.10.06"]
[SourceVersion "1"]
[SourceVersionDate "2017.10.06"]
[SourceQuality "1"]

1. e4 c5 2. Nf3 d6 3. d4 cxd4 4. Nxd4 Nf6 5. Nc3 g6 6. Be2 Bg7 7. Be3 Nc6 8. Qd2 0-0 9. 0-0 Bd7 10. Rad1 Rc8 11. a3 Ne5 12. f3 Nc4 13. Bxc4 Rxc4 14. Nde2 a6 15. Qd3 b5 16. b3 Rc6 17. Bd4 Be6 18. Nf4 Qa5 19. Nb1 Rfc8 20. Nxe6 fxe6 21. c3 e5 22. Bf2 e6 23. Be1 Qc7 24. Bd2 Nd7 25. Be3 Bf8 26. Qd2 Nf6 27. Bg5 1/2-1/2

[Event "Valasska Bystrice op"]
[Site "Valasska Bystrice"]
[Date "2017.09.12"]
[Round "5"]
[White "Jerabkova, Julia"]
[Black "Folta, Frantisek"]
[Result "1/2-1/2"]
[WhiteElo "1672"]
[BlackElo "1783"]
[PlyCount "48"]
[EventDate "2017.09.09"]
[EventType "swiss"]
[EventRounds "9"]
[EventCountry "CZE"]
[SourceTitle "CBM 180 Extra"]
[Source "ChessBase"]
[SourceDate "2017.10.06"]
[SourceVersion "1"]
[SourceVersionDate "2017.10.06"]
[SourceQuality "1"]

1. c4 Nf6 2. Nc3 g6 3. g3 Bg7 4. Bg2 0-0 5. d4 d6 6. Nf3 Na6 7. 0-0 c5 8. e3 Bd7 9. Qd2 Rb8 10. b3 Nc7 11. Bb2 b5 12. cxb5 Nxb5 13. dxc5 Nxc3 14. Qxc3 Rc8 15. b4 dxc5 16. bxc5 Qc7 17. Rac1 Bc6 18. Rfd1 Rfd8 19. Nd4 Bxg2 20. Kxg2 Ne4 21. Qc2 Nxc5 22. Ba3 Qb7+ 23. f3 Ne6 24. Qb3 Qxb3 1/2-1/2

[Event "Valasska Bystrice op"]
[Site "Valasska Bystrice"]
[Date "2016.09.14"]
[Round "6"]
[White "Folta, Frantisek"]
[Black "Korinek, Jaroslav"]
[Result "1-0"]
[WhiteElo "1817"]
[BlackElo "1626"]
[PlyCount "67"]
[EventDate "2016.09.10"]
[EventType "swiss"]
[EventRounds "9"]
[EventCountry "CZE"]
[SourceTitle "CBM 174 Extra"]
[Source "ChessBase"]
[SourceDate "2016.10.10"]
[SourceVersion "1"]
[SourceVersionDate "2016.10.10"]
[SourceQuality "1"]

1. c4 Nf6 2. Nc3 c6 3. e4 e5 4. Nf3 d6 5. d4 Qc7 6. h3 Be7 7. Be3 0-0 8. Be2 h6 9. 0-0 Nh7 10. Rc1 f5 11. c5 f4 12. cxd6 Bxd6 13. Nb5 Qe7 14. Nxd6 Qxd6 15. Qb3+ Kh8 16. dxe5 Qc7 17. Bc5 Qd8 18. Rfd1 Qe8 19. Bc4 b5 20. Bf1 Be6 21. Qc3 Rf7 22. Bd6 g5 23. Nd4 a6 24. a3 Kg8 25. Be2 Rg7 26. Bg4 Bxg4 27. hxg4 Nf8 28. Nf5 Rh7 29. Bxb8 Rxb8 30. Qxc6 Qxc6 31. Rxc6 Re8 32. Nxh6+ Kh8 33. Rd5 Ne6 34. Nf5 1-0

[Event "Valasska Bystrice op"]
[Site "Valasska Bystrice"]
[Date "2016.09.12"]
[Round "4"]
[White "Folta, Frantisek"]
[Black "Jerabkova, Julia"]
[Result "0-1"]
[WhiteElo "1817"]
[BlackElo "1596"]
[PlyCount "66"]
[EventDate "2016.09.10"]
[EventType "swiss"]
[EventRounds "9"]
[EventCountry "CZE"]
[SourceTitle "CBM 174 Extra"]
[Source "ChessBase"]
[SourceDate "2016.10.10"]
[SourceVersion "1"]
[SourceVersionDate "2016.10.10"]
[SourceQuality "1"]

1. c4 Nf6 2. Nc3 g6 3. g3 Bg7 4. Bg2 0-0 5. Nf3 c6 6. 0-0 d5 7. cxd5 cxd5 8. d4 Nc6 9. b3 Bd7 10. Bb2 Qc8 11. Rc1 Bh3 12. Re1 Bxg2 13. Kxg2 Rd8 14. e3 Qd7 15. Qd3 Rac8 16. Qb1 e6 17. h3 h5 18. Ne5 Qd6 19. f4 Kf8 20. a3 a6 21. Qd3 Kg8 22. Rc2 Rc7 23. Rec1 Rdc8 24. Na4 Ne7 25. Nc5 Qb6 26. Kf3 Nf5 27. b4 Nd6 28. Na4 Rxc2 29. Nxb6 Rxc1 30. Nxc8 Rxc8 31. a4 Nfe4 32. Nd7 Rc4 33. Qa3 Rc2 0-1

[Event "Valasska Bystrice op"]
[Site "Valasska Bystrice"]
[Date "2015.09.16"]
[Round "6"]
[White "Folta, Frantisek"]
[Black "Svec, Martin"]
[Result "1-0"]
[WhiteElo "1804"]
[BlackElo "1269"]
[PlyCount "87"]
[EventDate "2015.09.12"]
[EventType "swiss"]
[EventRounds "9"]
[EventCountry "CZE"]
[SourceTitle "EXT 2016"]
[Source "ChessBase"]
[SourceDate "2015.10.08"]
[SourceVersion "1"]
[SourceVersionDate "2015.10.08"]
[SourceQuality "1"]

1. c4 e5 2. Nc3 Nf6 3. Nf3 d6 4. g3 Be6 5. b3 g6 6. Bg2 c6 7. d4 e4 8. Ng5 Bf5 9. Ngxe4 Nxe4 10. Nxe4 Bg7 11. Bf4 Bxe4 12. Bxe4 0-0 13. 0-0 Re8 14. Bg2 Qe7 15. Re1 Nd7 16. Rc1 Rac8 17. Qd2 Qf6 18. Rcd1 b6 19. Bh3 Qe7 20. e4 Rcd8 21. Bg2 c5 22. Be3 Nf6 23. Bg5 h6 24. Bxh6 Bxh6 25. Qxh6 cxd4 26. Rxd4 Ng4 27. Qd2 Ne5 28. f4 Nc6 29. Rd3 a5 30. a3 Qc7 31. Rd1 Re6 32. e5 Nxe5 33. fxe5 Qc5+ 34. Qf2 Qxe5 35. Qxb6 Rde8 36. Bd5 Rf6 37. Qxa5 Qe2 38. Qd2 Qg4 39. Rd4 Qh5 40. Rf4 Qe5 41. Rxf6 Qxf6 42. Qf4 Qg7 43. Rf1 Re7 44. Qf6 1-0

[Event "Valasska Bystrice op"]
[Site "Valasska Bystrice"]
[Date "2014.09.17"]
[Round "6"]
[White "Mudry, Jan"]
[Black "Folta, Frantisek"]
[Result "1-0"]
[WhiteElo "1733"]
[BlackElo "1836"]
[PlyCount "136"]
[EventDate "2014.09.13"]
[EventType "swiss"]
[EventRounds "9"]
[EventCountry "CZE"]
[SourceTitle "CBM 162 Extra"]
[Source "ChessBase"]
[SourceDate "2014.10.17"]
[SourceVersion "1"]
[SourceVersionDate "2014.10.17"]
[SourceQuality "1"]

1. e4 c5 2. Bc4 d6 3. h3 Nf6 4. d3 g6 5. Bg5 Bg7 6. c3 0-0 7. Nf3 Nc6 8. 0-0 h6 9. Bh4 a6 10. Bb3 b5 11. Bc2 Qc7 12. Qd2 e6 13. Bxf6 Bxf6 14. Qxh6 Qe7 15. Qe3 Bb7 16. Re1 Kg7 17. d4 cxd4 18. cxd4 Nb4 19. Na3 Nxc2 20. Nxc2 Bxe4 21. Qxe4 Rac8 22. Nb4 Qa7 23. Rac1 Rc4 24. Rxc4 bxc4 25. Qc6 a5 26. Nc2 d5 27. Ne5 Rb8 28. Rb1 Rb6 29. Qc5 Be7 30. Nc6 Bxc5 31. Nxa7 Rb7 32. dxc5 Rxa7 33. b4 axb4 34. Nxb4 d4 35. Kf1 e5 36. Nc6 Rc7 37. Nxe5 Rxc5 38. Nf3 d3 39. Rc1 c3 40. Ke1 d2+ 41. Nxd2 cxd2+ 42. Kxd2 Ra5 43. Rc2 Ra3 44. Kc1 g5 45. Kb2 Ra8 46. Rc3 Kg6 47. Ra3 Rd8 48. Ra6+ f6 49. Kc3 Rd1 50. Rb6 Rg1 51. g3 Rh1 52. a4 Rxh3 53. Rb2 f5 54. Kc4 f4 55. gxf4 gxf4 56. a5 Ra3 57. Kb5 Kf5 58. Kb6 Kg4 59. a6 Rh3 60. a7 Rh6+ 61. Ka5 Rh5+ 62. Rb5 Rh1 63. Ka6 Rh6+ 64. Rb6 Rh8 65. Rb3 Rh6+ 66. Kb5 Rh5+ 67. Kb4 Rh8 68. Ra3 Ra8 1-0

[Event "Ostrava Seniors op"]
[Site "Ostrava"]
[Date "2014.05.03"]
[Round "8"]
[White "Vlcek, Antonin"]
[Black "Folta, Frantisek"]
[Result "0-1"]
[WhiteElo "1835"]
[BlackElo "1812"]
[PlyCount "53"]
[EventDate "2014.04.26"]
[EventType "swiss"]
[EventRounds "9"]
[EventCountry "CZE"]
[SourceTitle "CBM 160 Extra"]
[Source "ChessBase"]
[SourceDate "2014.07.01"]
[SourceVersion "1"]
[SourceVersionDate "2014.07.01"]
[SourceQuality "1"]

1. e4 c5 2. Nf3 d6 3. d4 cxd4 4. Nxd4 Nf6 5. Nc3 g6 6. Be3 Bg7 7. Be2 0-0 8. Qd2 Nc6 9. f3 Bd7 10. 0-0 a6 11. a4 Rc8 12. Nxc6 Rxc6 13. a5 Be6 14. Nd5 Bxd5 15. exd5 Rc8 16. Ra4 e6 17. c4 exd5 18. cxd5 Nd7 19. f4 Nc5 20. Rc4 Re8 21. Rf3 b5 22. axb6 Qxb6 23. b4 Nb3 24. Rxc8 Rxc8 25. Bxb6 Nxd2 26. Ra3 Rb8 27. Rxa6 0-1

[Event "Ostrava Seniors op"]
[Site "Ostrava"]
[Date "2014.05.02"]
[Round "7"]
[White "Micka, Jaroslav"]
[Black "Folta, Frantisek"]
[Result "1/2-1/2"]
[WhiteElo "1837"]
[BlackElo "1812"]
[PlyCount "33"]
[EventDate "2014.04.26"]
[EventType "swiss"]
[EventRounds "9"]
[EventCountry "CZE"]
[SourceTitle "CBM 160 Extra"]
[Source "ChessBase"]
[SourceDate "2014.07.01"]
[SourceVersion "1"]
[SourceVersionDate "2014.07.01"]
[SourceQuality "1"]

1. d4 d5 2. c4 e6 3. Nc3 Nf6 4. Nf3 a6 5. Bg5 Be7 6. e3 0-0 7. cxd5 exd5 8. Bd3 Be6 9. 0-0 c5 10. dxc5 Bxc5 11. Nd4 Bxd4 12. exd4 Nc6 13. Ne2 h6 14. Bh4 g5 15. Bg3 Ne4 16. Bxe4 dxe4 17. Qd2 1/2-1/2

[Event "Valasska Bystrice op"]
[Site "Valasska Bystrice"]
[Date "2013.09.14"]
[Round "9"]
[White "Folta, Frantisek"]
[Black "Domanski, Lukasz"]
[Result "1-0"]
[WhiteElo "1800"]
[BlackElo "1587"]
[PlyCount "47"]
[EventDate "2013.09.07"]
[EventType "swiss"]
[EventRounds "9"]
[EventCountry "CZE"]
[SourceTitle "CBM 156 Extra"]
[Source "ChessBase"]
[SourceDate "2013.10.22"]
[SourceVersion "1"]
[SourceVersionDate "2013.10.22"]
[SourceQuality "1"]

1. c4 e5 2. Nc3 Nf6 3. e4 c5 4. Nge2 d6 5. d3 Be7 6. f4 Nc6 7. Nd5 Nxd5 8. exd5 Nb4 9. a3 Qa5 10. Nc3 Bf6 11. Bd2 exf4 12. Be2 Bh4+ 13. g3 fxg3 14. 0-0 gxh2+ 15. Kxh2 Qd8 16. axb4 Qd7 17. Rf3 Bf6 18. Qf1 0-0 19. Rxf6 Qe7 20. Ne4 g6 21. Bf4 Rd8 22. Qg2 Bd7 23. Bxd6 Qe8 24. Rxg6+ 1-0

[Event "Valasska Bystrice op"]
[Site "Valasska Bystrice"]
[Date "2013.09.12"]
[Round "7"]
[White "Folta, Frantisek"]
[Black "Alfimov, Igor"]
[Result "1/2-1/2"]
[WhiteElo "1800"]
[BlackElo "2007"]
[PlyCount "49"]
[EventDate "2013.09.07"]
[EventType "swiss"]
[EventRounds "9"]
[EventCountry "CZE"]
[SourceTitle "CBM 156 Extra"]
[Source "ChessBase"]
[SourceDate "2013.10.22"]
[SourceVersion "1"]
[SourceVersionDate "2013.10.22"]
[SourceQuality "1"]

1. c4 e5 2. Nc3 Nf6 3. g3 d5 4. cxd5 Nxd5 5. Bg2 Nb6 6. d3 Be7 7. Nf3 Nc6 8. 0-0 0-0 9. Be3 Be6 10. Rc1 f6 11. Na4 Kh8 12. Bc5 Nxa4 13. Bxe7 Nxe7 14. Qxa4 c6 15. a3 Qd7 16. d4 e4 17. Nd2 f5 18. e3 Rf6 19. Qc2 Bd5 20. f3 exf3 21. Bxf3 Re8 22. Rce1 Bxf3 23. Nxf3 Ng6 24. e4 fxe4 25. Rxe4 1/2-1/2

[Event "Valasska Bystrice op"]
[Site "Valasska Bystrice"]
[Date "2013.09.08"]
[Round "2"]
[White "Klima, Martin"]
[Black "Folta, Frantisek"]
[Result "0-1"]
[WhiteElo "1640"]
[BlackElo "1800"]
[PlyCount "54"]
[EventDate "2013.09.07"]
[EventType "swiss"]
[EventRounds "9"]
[EventCountry "CZE"]
[SourceTitle "CBM 156 Extra"]
[Source "ChessBase"]
[SourceDate "2013.10.22"]
[SourceVersion "1"]
[SourceVersionDate "2013.10.22"]
[SourceQuality "1"]

1. c4 c5 2. Nf3 Nc6 3. Nc3 Nf6 4. g3 g6 5. Bg2 Bg7 6. d4 cxd4 7. Nxd4 0-0 8. Nxc6 bxc6 9. 0-0 Bb7 10. e4 Ba6 11. Qa4 Bb7 12. Qc2 Rc8 13. Be3 Ng4 14. Bd2 d5 15. c5 d4 16. Nd1 Rb8 17. Rb1 e5 18. Qc1 Qe7 19. h3 Nf6 20. Bg5 Qe6 21. a3 Ba6 22. Re1 Rb3 23. Kh2 Bd3 24. Ra1 Rfb8 25. f3 Qc4 26. Qd2 Qxc5 27. Rc1 Qb5 0-1

[Event "Valasska Bystrice op"]
[Site "Valasska Bystrice"]
[Date "2013.09.07"]
[Round "1"]
[White "Folta, Frantisek"]
[Black "Mitura, Karel"]
[Result "0-1"]
[WhiteElo "1800"]
[BlackElo "2129"]
[PlyCount "34"]
[EventDate "2013.09.07"]
[EventType "swiss"]
[EventRounds "9"]
[EventCountry "CZE"]
[SourceTitle "CBM 156 Extra"]
[Source "ChessBase"]
[SourceDate "2013.10.22"]
[SourceVersion "1"]
[SourceVersionDate "2013.10.22"]
[SourceQuality "1"]

1. c4 e5 2. Nc3 Nc6 3. Nf3 g6 4. g3 Bg7 5. Bg2 d6 6. d3 f5 7. 0-0 Nf6 8. Nd5 0-0 9. Bg5 Be6 10. Bxf6 Bxf6 11. Nxf6+ Qxf6 12. Qd2 Rae8 13. Rac1 Kg7 14. b3 h6 15. e3 g5 16. d4 e4 17. d5 exf3 0-1

[Event "Stare Mesto op"]
[Site "Stare Mesto"]
[Date "2011.08.13"]
[Round "3"]
[White "Folta, Frantisek"]
[Black "Horsak, Jan"]
[Result "0-1"]
[WhiteElo "1834"]
[BlackElo "2131"]
[PlyCount "82"]
[EventDate "2011.08.12"]
[EventType "swiss"]
[EventRounds "10"]
[EventCountry "CZE"]
[SourceTitle "CBM 143 Extra"]
[Source "ChessBase"]
[SourceDate "2011.08.29"]
[SourceVersion "1"]
[SourceVersionDate "2011.08.29"]
[SourceQuality "1"]

1. c4 g6 2. Nc3 Bg7 3. g3 c6 4. Bg2 Nf6 5. Nf3 0-0 6. 0-0 d5 7. cxd5 Nxd5 8. Nxd5 cxd5 9. d4 Nc6 10. e3 Bg4 11. h3 Bf5 12. Bd2 Qd7 13. Kh2 Be4 14. Bc3 Rac8 15. Rc1 Rc7 16. Ne5 Nxe5 17. dxe5 Bxg2 18. Kxg2 Rfc8 19. Qd2 e6 20. Bd4 a6 21. Rc3 Rxc3 22. Bxc3 Qc7 23. Qd4 b5 24. f4 Qc4 25. Qxc4 Rxc4 26. a3 Bf8 27. Rd1 Bxa3 28. Kf3 Bb4 29. Bxb4 Rxb4 30. Ra1 Rxb2 31. Rxa6 Rb3 32. Kf2 Rb1 33. Rb6 b4 34. Rb7 b3 35. Kg2 b2 36. Rb6 Kf8 37. Rb7 Ke8 38. Kh2 Kd8 39. Kg2 Kc8 40. Rb3 Kc7 41. Kh2 Kc6 0-1

[Event "Ostrava op-B"]
[Site "Ostrava"]
[Date "2003.05.11"]
[Round "10"]
[White "Folta, Frantisek"]
[Black "Srba, Antonin"]
[Result "1/2-1/2"]
[WhiteElo "1900"]
[BlackElo "1713"]
[PlyCount "198"]
[EventDate "2003.05.03"]
[EventType "swiss"]
[EventRounds "10"]
[EventCountry "CZE"]
[SourceTitle "EXT 2006"]
[Source "ChessBase"]
[SourceDate "2005.11.24"]
[SourceVersion "1"]
[SourceVersionDate "2005.11.24"]
[SourceQuality "1"]

1. c4 Nf6 2. Nc3 e6 3. Nf3 d5 4. cxd5 exd5 5. d4 Be7 6. e3 Nbd7 7. Bd3 c5 8. dxc5 Nxc5 9. Bb5+ Bd7 10. Bxd7+ Qxd7 11. 0-0 Bd6 12. Kh1 Bc7 13. Qd4 Ne6 14. Qa4 Qxa4 15. Nxa4 0-0 16. b4 Ne4 17. Bb2 f6 18. Rad1 Rfd8 19. Kg1 Rac8 20. Rd3 Bd6 21. a3 Rc2 22. Nd4 Nxd4 23. Bxd4 b6 24. f3 Ng5 25. Rfd1 Ne6 26. Ba1 Bc7 27. R3d2 Rc6 28. Bb2 Rcd6 29. Nc3 a6 30. Rxd5 Rxd5 31. Rxd5 b5 32. g3 Bb6 33. Kf2 Kf7 34. h4 g6 35. Ke2 h5 36. Rxd8 Bxd8 37. a4 Nc7 38. a5 Ke6 39. Ne4 Be7 40. Nc5+ Kd5 41. Kd3 f5 42. e4+ fxe4+ 43. fxe4+ Kd6 44. Bd4 Kc6 45. Kc3 Bxc5 46. Bxc5 Ne8 47. Kd4 Nf6 48. e5 Ne8 49. e6 Nc7 50. Ke5 Ne8 51. Kf4 Kd5 52. Kg5 Kxe6 53. Kxg6 Nf6 54. Bd4 Ne4 55. Kxh5 Nxg3+ 56. Kg6 Nf5 57. Bc5 Nxh4+ 58. Kh5 Nf3 59. Kg4 Ne5+ 60. Kf4 Kd5 61. Ke3 Nc4+ 62. Kd3 Nxa5 63. Bf8 Nc6 64. Kc3 Ke4 65. Bc5 Ne5 66. Bf8 Nd7 67. Bg7 Ne5 68. Bf8 Kd5 69. Bg7 Nc6 70. Bf8 Nd4 71. Bg7 Ne2+ 72. Kd3 Nc1+ 73. Kc3 Ne2+ 74. Kd3 Nf4+ 75. Kc3 Ke4 76. Bh6 Nd5+ 77. Kb3 Kd3 78. Bf8 Ne3 79. Bc5 Nc4 80. Bf8 Nd2+ 81. Kb2 Kc4 82. Be7 Ne4 83. Bf8 Nf2 84. Be7 Nd3+ 85. Ka3 Kc3 86. Bf6+ Kc2 87. Bg7 Nc1 88. Bf6 Ne2 89. Bg7 Nc3 90. Be5 Nb1+ 91. Ka2 Nd2 92. Bg7 Kd3 93. Bf8 Kc4 94. Ka3 Nb1+ 95. Kb2 Nd2 96. Ka3 Kc3 97. Bg7+ Kc2 98. Bf6 a5 99. bxa5 Nc4+ 1/2-1/2

[Event "Ostrava op-B"]
[Site "Ostrava"]
[Date "2003.05.08"]
[Round "7"]
[White "Hosek, Stanislav"]
[Black "Folta, Frantisek"]
[Result "1-0"]
[WhiteElo "1929"]
[BlackElo "1900"]
[PlyCount "57"]
[EventDate "2003.05.03"]
[EventType "swiss"]
[EventRounds "10"]
[EventCountry "CZE"]
[SourceTitle "EXT 2006"]
[Source "ChessBase"]
[SourceDate "2005.11.24"]
[SourceVersion "1"]
[SourceVersionDate "2005.11.24"]
[SourceQuality "1"]

1. e4 c5 2. Nf3 d6 3. d4 cxd4 4. Nxd4 Nf6 5. Nc3 g6 6. Be2 Bg7 7. Be3 0-0 8. 0-0 Nc6 9. h3 Bd7 10. Qd2 Rc8 11. f4 Na5 12. e5 Ne8 13. Nf3 Nc4 14. Bxc4 Rxc4 15. Rad1 Qa5 16. Qd3 Rc8 17. Rf2 Bf5 18. Qd5 Qa6 19. Qb3 dxe5 20. Nxe5 Nd6 21. Nd5 Rfe8 22. Nb4 Qa5 23. Rd5 Qd8 24. Nxf7 Qd7 25. Rxf5 Nxf7 26. Qxf7+ Kh8 27. Rd5 Qc7 28. c3 Rf8 29. Qe6 1-0

[Event "Ostrava op-B"]
[Site "Ostrava"]
[Date "2003.05.07"]
[Round "6"]
[White "Blecharz, Pavel Sr"]
[Black "Folta, Frantisek"]
[Result "0-1"]
[WhiteElo "1804"]
[BlackElo "1900"]
[PlyCount "56"]
[EventDate "2003.05.03"]
[EventType "swiss"]
[EventRounds "10"]
[EventCountry "CZE"]
[SourceTitle "EXT 2006"]
[Source "ChessBase"]
[SourceDate "2005.11.24"]
[SourceVersion "1"]
[SourceVersionDate "2005.11.24"]
[SourceQuality "1"]

1. e4 c5 2. b4 b6 3. bxc5 bxc5 4. Nc3 Nc6 5. Bc4 Nf6 6. Nf3 g6 7. Bb2 Rb8 8. Rb1 Na5 9. Be2 Bg7 10. d3 0-0 11. 0-0 d6 12. Nd5 Rxb2 13. Nxe7+ Qxe7 14. Rxb2 Nxe4 15. dxe4 Bxb2 16. Qd2 Qxe4 17. c3 Ba3 18. Bd3 Qd5 19. Qh6 Qh5 20. Qf4 c4 21. Bc2 Qg4 22. Qh6 Bb7 23. h3 Qh5 24. Qe3 Bxf3 25. gxf3 Bc5 26. Qe7 Nc6 27. Qc7 Ne5 28. Be4 Nxf3+ 0-1

[Event "Ostrava op-B"]
[Site "Ostrava"]
[Date "2003.05.06"]
[Round "5"]
[White "Folta, Frantisek"]
[Black "Uherek, Michal"]
[Result "1/2-1/2"]
[WhiteElo "1900"]
[BlackElo "1408"]
[PlyCount "69"]
[EventDate "2003.05.03"]
[EventType "swiss"]
[EventRounds "10"]
[EventCountry "CZE"]
[SourceTitle "EXT 2006"]
[Source "ChessBase"]
[SourceDate "2005.11.24"]
[SourceVersion "1"]
[SourceVersionDate "2005.11.24"]
[SourceQuality "1"]

1. c4 e6 2. Nf3 Nf6 3. Nc3 d5 4. e3 Be7 5. Rb1 0-0 6. b4 c6 7. a3 Nbd7 8. d4 dxc4 9. Bxc4 b5 10. Bd3 Bb7 11. Qc2 Re8 12. Bb2 a5 13. Bc1 Qb6 14. 0-0 Nf8 15. Ng5 axb4 16. axb4 h6 17. Nge4 Nd5 18. Nc5 e5 19. Nxd5 cxd5 20. dxe5 Rec8 21. Qe2 Bxc5 22. bxc5 Rxc5 23. Rxb5 Rxb5 24. Bxb5 Ra5 25. Bd3 d4 26. exd4 Qxd4 27. Bb2 Qd5 28. f3 Ne6 29. Qe3 Ra2 30. Rd1 Qc6 31. Rc1 Qd7 32. Rb1 Qc7 33. Bc3 Kh8 34. Bb4 Ba6 35. Bd6 1/2-1/2